000 01096nam a2200277 i 4500
001 94023
003 ES-MaACL
005 20251207153126.0
007 t|
008 050531s1964 sp ||||1| spa d
080 _a75 Jardiel, José (083.82)
100 1 _aJardiel, José P.,
_d1928-2000
_9162124
245 1 0 _aJosé Jardiel
_b: [exposición, Sala de Santa Catalina del Ateneo de Madrid, junio de 1964] /
_c[Texto: Manuel Conde].
260 _a[Madrid] :
_bPublicaciones Españolas,
_c[1964]
300 _a[20] p. :
_bprincipalmente il. ;
_c28 cm.
490 1 _aCuadernos de arte. Colección ordinaria ;
_v165
600 1 4 _aJardiel, José P.,
_d1928-2000-
_vExposiciones
_966112
610 2 7 _aAteneo de Madrid-
_vExposiciones-
_y1960-1969.
_91920
655 7 _2tgfbne
_9193628
_aCatálogos de exposiciones
700 1 _aConde, Manuel,
_d1924-1990
_940102
710 2 _aAteneo de Madrid.
_bSala de Santa Catalina.
_91964
830 0 _aCuadernos de arte. Colección ordinaria
_v165
_9180064
852 _aES-MaACL
_j2195-F-4
_bR.136166
942 _2udc
999 _c94023
_d94023